000 00413nam a2200169Ia 4500
001 14043
003 IN-NITTTR
005 20251114233132.0
008 251113s9999||||xx |||||||||||||| ||eng||
040 _beng
040 _cIN-NITTTR
041 _aeng
082 _a301.36 S82
100 _aBell, Gwen
245 0 _aStrategies for human settlements :
_b habitat and environment /
_cBell, Gwen
942 _2ddc
_cBK
999 _c16679
_d16679